Přestavba mechanismu řízení ve vnitřním obchodě

Salvato in:
Dettagli Bibliografici
Autore principale: Doležal, Václav
Ente Autore: Vysoká škola ekonomická v Praze. Obchodní fakulta
Natura: Libro
Lingua:ceco
Pubblicazione: Praha Vysoká škola ekonomická 1989
Edizione:1. vyd.
Tags: Aggiungi Tag
Nessun Tag, puoi essere il primo ad aggiungerne!!

MARC

LEADER 00000nam a2200000 4500
001 c032357
005 20221215120525.5
041 0 |a cze 
044 |a CZ 
245 1 0 |a Přestavba mechanismu řízení ve vnitřním obchodě  |c Václav Doležal a kol. 
250 |a 1. vyd. 
264 1 |a Praha  |b Vysoká škola ekonomická  |c 1989 
300 |a 55 s. 
100 1 |a Doležal, Václav 
710 2 |a Vysoká škola ekonomická v Praze. Obchodní fakulta